000 00389cam a2200169 4500
001 D13981
008 090401t1910 xxu||||| |||| 00| 0 eng d
035 _a(Sirsi) u12609
041 _aeng
100 _aStephenson, George
245 4 _aThe pricing of quantities
260 _aLondon
_bConstable & Co
_c1910
350 _a0
520 _aShelf 135
942 _n0
948 _c04/03/1997
999 _c87015
_d87015